000
00475nam a2200181Ia 4500
008
100917s9999 xx 000 0 und d
082
_b
60495
100
_a
केणेकर मुक्ता
245
_a
छबिना
260
_b
संजय प्रकाशन
_c
1977
300
_a
222
365
_b
15
520
_a
कादंबरी
630
_a
छबिना
650
_a
कादंबरी
730
_a
छबिना
942
_c
BOOK
999
_c
665889
_d
665886